banner-ar

WHO'S IN CONTROL ? : (Record no. 4838)

MARC details
000 -الفاتح
حقل البيانات ثابتة الطول 00705nam a2200205Ia 4500
008 - عناصر البيانات ثابتة الطول - معلومات عامة
حقل البيانات ثابتة الطول 140319s9999 xx 000 0 eng d
020 ## - الرقم الدولى المعيارى للكتب
الرقم الدولى المعيارى للكتاب 0684811235
040 ## - مصدر الفهرسة
وكالة الفهرسة الأصلية GCL /
وكالة النسخ GCL
082 04 - رقم تصنيف ديوى العشرى
رقم التصنيف 320.973
رقم المادة D W
100 1# - المدخل الرئيسى - إسم شخصى
الإسم الشخصى DARMAN, RICHARD
245 10 - بيان العنوان
العنوان WHO'S IN CONTROL ? :
بقية العنوان POLAR POLITICS AND THE SENSIBLE CENTER /
بيان المسئوليه,etc DARMAN, RICHARD
260 ## - PUBLICATION, DISTRIBUTION, ETC. (IMPRINT)
تاريخ النشر أو التوزيع 1996
300 ## - الوصف المادى
التعداد 22 CM ؛
أبعاد الوعاء 384 P
650 04 - المدخل الاضافى بالموضوع-مصطلح موضوعى
مصطلح موضوعي RIGHT AND LEFT - POLITICAL SCIENCE
650 04 - المدخل الاضافى بالموضوع-مصطلح موضوعى
مصطلح موضوعي UNITED STATES - POLITICS AND GOVERNMENT - 1993
650 04 - المدخل الاضافى بالموضوع-مصطلح موضوعى
مصطلح موضوعي UNITED STATES - POLITICS AND GOVERNMENT - 1989
650 04 - المدخل الاضافى بالموضوع-مصطلح موضوعى
مصطلح موضوعي UNITED STATES - POLITICS AND GOVERNMENT - 1989 - 1993
942 ## - عناصر المدخل الإضافي( كوها)
مصدر التصنيف او مخطط الترفيف Dewey Decimal Classification
Koha [default] item type كتاب
260 ## - PUBLICATION, DISTRIBUTION, ETC. (IMPRINT)
-- [S.N] :
-- SIMON AND SCHUSTER MACMILLAN ،
Holdings
حالة التراجع حالة الفقد حالة تلف ليس للاعارة المكان المؤقت الموقع الحالى تاريخ الاكتساب اجمالي اﻻعارات رقم الطلب الباركود تاريخ اخر مشاهدة تاريخ تفعيل السعر نوع وعاء كوها
        مكتبة القاهرة الكبرى مكتبة القاهرة الكبرى 03/26/2014   320.973\D W 10830 03/26/2014 03/26/2014 كتاب

Powered By

EGPV